Sports Quiz

Random Sports or Olympics Quiz

London 2012 Olympic Torch Route Quiz Stats

 Plays Quiz Updated Mar 13, 2020

Support Sporcle.
Go Orange.
Score 0/73 Timer 15:00
0 Plays Today
Date scheduled Location % Correct
26 JulyWestminster
87.5%
24 JulyEaling
87%
23 JulyWandsworth
85.3%
22 JulyBexley
85.2%
25 JulyHaringey
85.2%
21 JulyWaltham Forest
85.1%
23 JuneManchester
79.4%
1 JuneLiverpool
73.2%
8 JuneGlasgow
66.6%
30 JuneBirmingham
66.3%
25 MayCardiff
63.1%
13 JuneEdinburgh
62.4%
15 JuneNewcastle upon Tyne
59.9%
24 JuneLeeds
58.3%
6 JuneBelfast
56.7%
19 JuneYork
54.8%
26 MaySwansea
52.4%
22 MayBristol
51%
14 JulySouthampton
49.4%
11 JuneAberdeen
47.9%
4 JulyNorwich
47.7%
28 JuneNottingham
47.5%
15 JulyPortsmouth
47.4%
9 JulyOxford
46.3%
25 JuneSheffield
46%
7 JulyCambridge
45.7%
19 MayPlymouth
45.4%
18 JuneKingston upon Hull
43.8%
2 JulyLeicester
43.2%
16 JulyBrighton and Hove
41.2%
20 MayExeter
40.7%
5 JulyIpswich
39.5%
2 JuneIsle of Man
39.1%
29 JuneDerby
37.6%
15 JulyJersey
37.1%
18 JulyDover
36.6%
1 JulyCoventry
35.9%
Date scheduled Location % Correct
22 JuneBlackpool
35.3%
12 JuneDundee
35.1%
4 JuneDerry-Londonderry
34.1%
9 JuneInverness
33.9%
30 MayStoke-on-Trent
33.5%
10 JulyReading
33.4%
29 MayChester
32.5%
15 JulyGuernsey
31.3%
13 JulyBournemouth
29.8%
20 JuneCarlisle
29.8%
17 JuneMiddlesbrough
29.7%
19 MayLands' End
28.2%
16 JuneDurham
27.4%
27 JuneLincoln
27%
31 MayBolton
27%
24 MayWorcester
23.1%
3 JulyPeterborough
21.5%
10 JuneOrkney
21.2%
10 JuneShetland
20.2%
8 JulyLuton
20%
21 MayTaunton
19.4%
28 MayBangor
19.4%
23 MayCheltenham
18.2%
27 MayAberystwyth
17.2%
11 JulySalisbury
15.4%
6 JulyChelmsford
15%
17 JulyHastings
14.7%
19 JulyMaidstone
13.5%
12 JulyWeymouth and Portland
13.1%
20 JulyGuildford
12.3%
11 JuneIsle of Lewis
10.9%
14 JuneAlnwick
8.8%
5 JuneNewry
8.1%
21 JuneBowness-on-Windermere
5.9%
3 JunePortrush
4.6%
26 JuneCleethorpes
4.3%

You're not logged in!

Compare scores with friends on all Sporcle quizzes.
OR
Log In

From the Vault

6-Letter Geography Challenge

by Headers2304

The real challenge is avoiding things with 5 or 7 letters.
Remove Ads.
Support Sporcle.
Get the best of Sporcle when you Go Orange. This ad-free experience offers more features, more stats, and more fun while also helping to support Sporcle. Thank you for becoming a member.

Show Comments

Extras

Top Quizzes Today


Score Distribution

Your Account Isn't Verified!

In order to create a playlist on Sporcle, you need to verify the email address you used during registration. Go to your Sporcle Settings to finish the process.

Report this User

Report this user for behavior that violates our Community Guidelines.

Details: